| 000 | 01670nam a22002297a 4500 | ||
|---|---|---|---|
| 999 |
_c59898 _d59898 |
||
| 003 | Ge_BSU | ||
| 005 | 20230508144827.0 | ||
| 008 | 230508s2002 ge ||||| |||| 00| 0 geo d | ||
| 041 | _ageo | ||
| 080 | _a069.02:93/94(479.22)(063) ს-22 | ||
| 245 |
_aსამეცნიერო სესია მიძღვნილი მუზეუმის 150 წლისთავისადმი _b1852–2002 : (მასალები) / _cსაქ. მეცნ. აკადემია, ს. ჯანაშიას სახ. საქართველოს სახელმწიფო მუზეუმი ; სარედ. კომისია: დ. ლომიტაშვილი [და სხვ.]. |
||
| 264 |
_aთბილისი, _c2002. |
||
| 300 |
_a80 გვ. ; _b20 სმ. |
||
| 653 | _a სამეცნიერო სესიები | ||
| 653 | _aსაქართველოს სახელმწიფო მუზეუმი -150 | ||
| 700 |
_aჭილაშვილი, ლევან _eავტორი, რედაქტორი. _918028 |
||
| 700 |
_aდავლიანიძე, ცირა _eავტორი _918029 |
||
| 700 |
_aნადირაძე, ელდარ _eავტორი, რედაქტორი. _918030 |
||
| 700 |
_aშოშიტაშვილი, ნოდარ და სხვ. _eავტორი, რედაქტორი. _918031 |
||
| 710 |
_aსაქ. მეცნ. აკადემია _b ს. ჯანაშიას სახ. საქართველოს სახელმწიფო მუზეუმი _918032 |
||
| 942 |
_2udc _cBK |
||